Trump Indictments & Civil Complaints: Sudden Death - Statistics

General Stats
  • This quiz has been taken 27 times
  • The average score is 8 of 15
Answers on the Grid
Answers color-coded by a green-red scale on the quiz's grid according to % correct below.
Sexual abuse
Defamation
Burglary of a museum
Fraudulently overstating net worth
Trafficking in exotic animals
Cocaine possession
RICO (racketeering) violations
Conspiracy to defraud the US
Conspiracy against civil rights
Conspiracy to obstruct justice
Driving Under the Influence
Perjury
Homicide
Forgery
Conspiracy to commit election fraud
Misrepresenting automobile repairs
Indecent exposure
Computer invasion of privacy
Witness tampering
Violating Fair Housing Act
Impersonating an airline pilot
Defrauding Trump University students
Illegally misusing charitable funds
Conspiracy to rig the FIFA World Cup
 
Answer Stats
Answer % Correct
Sexual abuse
87%
Defamation
73%
Conspiracy to obstruct justice
67%
Illegally misusing charitable funds
60%
Violating Fair Housing Act
60%
Conspiracy against civil rights
53%
Conspiracy to commit election fraud
53%
Conspiracy to defraud the US
53%
Defrauding Trump University students
53%
Fraudulently overstating net worth
53%
Perjury
53%
Witness tampering
53%
Forgery
40%
RICO (racketeering) violations
33%
Computer invasion of privacy
27%
No matching quizzes found
Score Distribution
Percent of People with Each Score
Percentile by Number Answered
Your Score History
You have not taken this quiz